| 000 | 00685 a2200193 4500 | ||
|---|---|---|---|
| 020 | _a020188903X (hardcover) | ||
| 020 | _a9780201889031 (hardcover) | ||
| 082 | 0 | 4 | _a658.30095957 |
| 090 |
_c4646 _d4646 |
||
| 100 | 1 | _aThong, Gregory Tin Sin. | |
| 245 | 1 | 0 |
_aHuman resource issues in singapore / _cGregory Tin Sin Thong, Gregory Tin Sin Thong. |
| 260 |
_a[S.l.] : _bAddison-Wesley, _c1996. |
||
| 300 | _a332 p. | ||
| 490 | 1 | _aSingapore business development series. | |
| 700 | 1 | _aThong, Gregory Tin Sin. | |
| 830 | 0 | _aSingapore business development series. | |
| 856 | 4 | 0 |
_3Amazon.com _uhttp://www.amazon.com/exec/obidos/ASIN/020188903X/chopaconline-20 |
| 942 |
_aNBS _cBK _k658.3 THO |
||
| 999 |
_c347083 _d347083 |
||